000 00923cab a2200241 4500
001 WB3503-34
008 090401t1999 xxu||||| |||| 00| 0 eng d
035 _a(Sirsi) u90782
041 _aeng
245 _aProtection for subtenants
260 _c1999
350 _a0
490 _aEstates Gazette
_v(9902) 16 January 1999, 138(1)
520 _aDiscusses the CA decision in "Barrett v Morgan" which outlawed a scheme designed to avoid the statutory protection for agricultural tenants under the Agricultural Holdings Act 1986. Unlike residential and business tenancies, the 1986 does not give a subtenant protection against the head landlord.
650 _aAGRICULTURAL HOLDINGS ACT 1986
650 _aAGRICULTURAL SUBTENANCIES
650 _aBARRETT V MORGAN
650 _aHEADLEASE
650 _aNOTICE TO QUIT
690 _aLANDLORD AND TENANT-AGRICULTURAL TENANCIES
942 _n0
948 _c19/01/1999
999 _c57575
_d57575